[Event "Gibraltar Chess Festival 2017 - Masters"]
[Site "Gibraltar ENG"]
[Date "2017.01.28"]
[Round "5.7"]
[White "Akobian, Varuzhan"]
[Black "Short, Nigel D"]
[Result "1/2-1/2"]
[WhiteElo "2633"]
[BlackElo "2675"]
[PlyCount "102"]
[EventDate "2017.01.24"]
[EventType "swiss"]
[EventRounds "10"]
[EventCountry "ENG"]
[SourceTitle "Ajedrez en Madrid"]
[Source "lmi"]
[SourceDate "2017.01.24"]

1. d4 Nf6 2. c4 e6 3. Nc3 Bb4 4. Qc2 d5 5. cxd5 Qxd5 6. Nf3 O-O 7. e3 b6 8. Bd3
Ba6 9. Bxa6 Nxa6 10. O-O Qb7 11. a3 Bxc3 12. bxc3 c5 13. a4 Rfc8 14. Qb3 Nb8
15. Ba3 Nbd7 16. c4 h6 17. h3 Qe4 18. Rfd1 Rc7 19. a5 bxa5 20. Qb5 Rac8 21.
Qxa5 cxd4 22. Rxd4 Qb7 23. Nd2 Rc6 24. Be7 a6 25. Rb1 Qc7 26. Qa3 Ne8 27. Bb4
Rb8 28. Rd1 Ndf6 29. c5 Nd5 30. Ba5 Qe7 31. Nb3 Rcc8 32. Rc4 Qb7 33. Nd2 Nef6
34. Nf3 Qb2 35. Qxb2 Rxb2 36. e4 Ra2 37. Bd2 Ne7 38. Bf4 Nc6 39. Ne5 Na5 40.
Rb4 Rxc5 41. Rd8+ Kh7 42. Nxf7 Nc6 43. Rh8+ Kg6 44. Rb7 Rb5 45. Rxb5 axb5 46.
Ne5+ Nxe5 47. Bxe5 Nxe4 48. f3 Nf6 49. Rb8 Ra5 50. Bc3 Ra3 51. Bxf6 Kxf6
1/2-1/2

[Event "Gibraltar Chess Festival 2017 - Masters"]
[Site "Gibraltar ENG"]
[Date "2017.01.28"]
[Round "5.8"]
[White "Lagarde, Maxime"]
[Black "Fressinet, Laurent"]
[Result "1-0"]
[WhiteElo "2594"]
[BlackElo "2660"]
[PlyCount "151"]
[EventDate "2017.01.24"]
[EventType "swiss"]
[EventRounds "10"]
[EventCountry "ENG"]
[SourceTitle "Ajedrez en Madrid"]
[Source "lmi"]
[SourceDate "2017.01.24"]

1. c4 Nf6 2. Nc3 e5 3. Nf3 Nc6 4. g3 d5 5. cxd5 Nxd5 6. Bg2 Nb6 7. O-O Be7 8.
d3 O-O 9. Be3 Be6 10. Rc1 Qd7 11. Re1 f6 12. a3 Rfd8 13. b4 Nd5 14. Nxd5 Bxd5
15. Bc5 b6 16. e4 Bf7 17. Bxe7 Nxe7 18. d4 exd4 19. e5 d3 20. exf6 gxf6 21. Nd2
Bd5 22. Bxd5+ Nxd5 23. Qf3 a5 24. Re4 axb4 25. axb4 Qf7 26. Rd4 Rd7 27. Ne4
Rad8 28. Rxd3 f5 29. Ng5 Qg6 30. Rcd1 Qxg5 31. Rxd5 Rxd5 32. Rxd5 Rxd5 33.
Qxd5+ Kf8 34. Qe5 Qc1+ 35. Kg2 Qc6+ 36. f3 Qc2+ 37. Kh3 Kg8 38. Qe8+ Kg7 39.
Qe7+ Kg6 40. Qe6+ Kg7 41. Qd5 h6 42. Qe5+ Kg6 43. Qe6+ Kg7 44. f4 c6 45. Qe7+
Kg6 46. Qd6+ Kg7 47. Qc7+ Kg6 48. Qxb6 Qe2 49. Qxc6+ Kh5 50. Qc1 Kg6 51. Qc5
Qg4+ 52. Kg2 Qe2+ 53. Qf2 Qe4+ 54. Qf3 Qxb4 55. Qc6+ Kg7 56. Qd7+ Kf6 57. Kh3
Qf8 58. Kh4 Qg8 59. Qd6+ Kg7 60. Qe7+ Kg6 61. Qd6+ Kg7 62. Qd7+ Kf6 63. h3 Kg6
64. g4 Qf8 65. gxf5+ Qxf5 66. Qxf5+ Kxf5 67. Kg3 Kg6 68. Kf3 Kf5 69. Ke3 Kf6
70. Ke4 Ke6 71. f5+ Kd6 72. Kd4 Ke7 73. Ke5 Kf7 74. f6 Kf8 75. Kf5 Kf7 76. h4
1-0

[Event "Gibraltar Chess Festival 2017 - Masters"]
[Site "Gibraltar ENG"]
[Date "2017.01.28"]
[Round "5.9"]
[White "Caruana, Fabiano"]
[Black "Antipov, Mikhail Al"]
[Result "1-0"]
[WhiteElo "2827"]
[BlackElo "2580"]
[PlyCount "143"]
[EventDate "2017.01.24"]
[EventType "swiss"]
[EventRounds "10"]
[EventCountry "ENG"]
[SourceTitle "Ajedrez en Madrid"]
[Source "lmi"]
[SourceDate "2017.01.24"]

1. e4 c5 2. Nf3 Nc6 3. d4 cxd4 4. Nxd4 g6 5. c4 d6 6. Nc3 Nf6 7. Be2 Nxd4 8.
Qxd4 Bg7 9. Be3 O-O 10. Qd2 a5 11. f3 a4 12. Kf2 Qa5 13. Rac1 Be6 14. Nd5 Bxd5
15. Qxa5 Rxa5 16. cxd5 Nd7 17. Rc7 Nc5 18. Rb1 Bf6 19. g4 g5 20. e5 Bxe5 21.
Bxg5 e6 22. Rd1 Bxh2 23. Bh6 Rb8 24. Bc4 e5 25. Be3 Bf4 26. Bxc5 Rxc5 27. Rxc5
dxc5 28. Bb5 Rd8 29. d6 e4 30. d7 Be5 31. fxe4 Bd4+ 32. Ke2 Kf8 33. Bxa4 Ke7
34. b3 Rg8 35. Rf1 Rg7 36. Kd3 Kd8 37. Kc4 Kc7 38. b4 Rxg4 39. bxc5 Be3 40. Kd5
Rg5+ 41. Kc4 Re5 42. Kd3 Bxc5 43. Rxf7 h5 44. Bb5 h4 45. Rh7 Be7 46. a4 Bd8 47.
Rh8 Re6 48. Rh5 Rd6+ 49. Ke2 Re6 50. Kf3 Rf6+ 51. Kg2 Rg6+ 52. Kh2 Rg5 53. Rh8
Rc5 54. Kh3 Re5 55. Re8 Rg5 56. e5 Rg3+ 57. Kh2 Re3 58. e6 Re4 59. Kg2 Re5 60.
Kf3 b6 61. Kg4 Re4+ 62. Kf5 Re3 63. Kf4 Re1 64. Kf3 Re5 65. Be2 h3 66. Bb5 h2
67. Kg2 Rh5 68. Kh1 Rh7 69. Ba6 Rh4 70. e7 Bxe7 71. Rxe7 Rxa4 72. Bb5 1-0

[Event "Gibraltar Chess Festival 2017 - Masters"]
[Site "Gibraltar ENG"]
[Date "2017.01.28"]
[Round "5.10"]
[White "Lalith, Babu M R"]
[Black "Ivanchuk, Vassily"]
[Result "1/2-1/2"]
[WhiteElo "2587"]
[BlackElo "2752"]
[PlyCount "71"]
[EventDate "2017.01.24"]
[EventType "swiss"]
[EventRounds "10"]
[EventCountry "ENG"]
[SourceTitle "Ajedrez en Madrid"]
[Source "lmi"]
[SourceDate "2017.01.24"]

1. d4 d5 2. Nf3 c5 3. c4 dxc4 4. d5 e6 5. e4 exd5 6. exd5 Nf6 7. Bxc4 Bd6 8.
O-O O-O 9. h3 a6 10. a4 Bf5 11. Nc3 Nbd7 12. Nh4 Bg6 13. Nxg6 hxg6 14. Bg5 Qa5
15. Qc2 Rae8 16. Rad1 Re7 17. Bd2 Qc7 18. Rfe1 Ne5 19. b3 Rfe8 20. Bf1 c4 21.
Ne4 Nxe4 22. Rxe4 b5 23. axb5 axb5 24. Bc3 Rc8 25. Ba1 Qb7 26. Bxe5 Rxe5 27.
Rxe5 Bxe5 28. bxc4 bxc4 29. Bxc4 Bd6 30. Qe2 Rb8 31. g3 Qb2 32. Qf3 Qf6 33.
Qxf6 gxf6 34. Rd2 f5 35. Kg2 Kf8 36. Re2 1/2-1/2

[Event "Gibraltar Chess Festival 2017 - Masters"]
[Site "Gibraltar ENG"]
[Date "2017.01.28"]
[Round "5.11"]
[White "Blomqvist, Erik"]
[Black "Svidler, Peter"]
[Result "1/2-1/2"]
[WhiteElo "2574"]
[BlackElo "2748"]
[PlyCount "39"]
[EventDate "2017.01.24"]
[EventType "swiss"]
[EventRounds "10"]
[EventCountry "ENG"]
[SourceTitle "Ajedrez en Madrid"]
[Source "lmi"]
[SourceDate "2017.01.24"]

1. e4 c5 2. Nf3 e6 3. d4 cxd4 4. Nxd4 Nc6 5. Nc3 a6 6. Bf4 Qb6 7. Nb3 Nf6 8. a3
Ne7 9. Bd3 Ng6 10. Bg3 h5 11. h4 Bd6 12. Bxd6 Qxd6 13. g3 b5 14. Qd2 Qb6 15.
O-O-O Ng4 16. Rhf1 Nh2 17. Rfe1 Ng4 18. Rf1 Nh2 19. Rfe1 Ng4 20. Rf1 1/2-1/2

[Event "Gibraltar Chess Festival 2017 - Masters"]
[Site "Gibraltar ENG"]
[Date "2017.01.28"]
[Round "5.13"]
[White "Vazquez Igarza, Renier"]
[Black "Yu, Yangyi"]
[Result "0-1"]
[WhiteElo "2572"]
[BlackElo "2738"]
[PlyCount "80"]
[EventDate "2017.01.24"]
[EventType "swiss"]
[EventRounds "10"]
[EventCountry "ENG"]
[SourceTitle "Ajedrez en Madrid"]
[Source "lmi"]
[SourceDate "2017.01.24"]

1. d4 Nf6 2. Nf3 d5 3. c4 e6 4. Nc3 c6 5. e3 Nbd7 6. Qc2 Bd6 7. b3 O-O 8. Be2
b6 9. O-O Bb7 10. Bb2 Qe7 11. Rad1 Rad8 12. Rfe1 Rfe8 13. g3 Bb4 14. a3 Bxc3
15. Bxc3 c5 16. Bb2 Rc8 17. a4 Ne4 18. Nd2 Ndf6 19. f3 Nd6 20. Qb1 cxd4 21.
exd4 Qd7 22. Qa1 Nf5 23. Bd3 Red8 24. c5 bxc5 25. dxc5 d4 26. Rc1 Ne3 27. b4 e5
28. b5 Qh3 29. Re2 Bd5 30. Rf2 h5 31. Bf1 Qe6 32. h4 g5 33. hxg5 Nh7 34. Bxd4
exd4 35. Qxd4 Nxf1 36. Rfxf1 Nxg5 37. Rce1 Qg6 38. Re5 Nxf3+ 39. Rxf3 Bxf3 40.
Qf4 f6 0-1

[Event "Gibraltar Chess Festival 2017 - Masters"]
[Site "Gibraltar ENG"]
[Date "2017.01.28"]
[Round "5.14"]
[White "Vitiugov, Nikita"]
[Black "Huzman, Alexander"]
[Result "1/2-1/2"]
[WhiteElo "2724"]
[BlackElo "2557"]
[PlyCount "78"]
[EventDate "2017.01.24"]
[EventType "swiss"]
[EventRounds "10"]
[EventCountry "ENG"]
[SourceTitle "Ajedrez en Madrid"]
[Source "lmi"]
[SourceDate "2017.01.24"]

1. e4 c5 2. Nc3 Nc6 3. Bb5 Nd4 4. Nf3 e6 5. O-O a6 6. Bd3 Nc6 7. Nd5 Nge7 8.
Re1 Ng6 9. c3 Bd6 10. Ne3 O-O 11. Be2 Bc7 12. b3 d5 13. exd5 exd5 14. Ba3 Bb6
15. Bd3 Nf4 16. Bc2 Re8 17. g3 Ne6 18. Nh4 g6 19. Ng4 Nc7 20. Rxe8+ Nxe8 21.
Qf3 Bxg4 22. Qxg4 Nf6 23. Qf3 Ne5 24. Qf4 Ned7 25. Re1 Bc7 26. Qg5 Bd6 27. Bf5
Nh5 28. Qxd8+ Rxd8 29. Bxd7 Rxd7 30. Re8+ Kg7 31. Rc8 Nf6 32. Nf3 Ne4 33. Kf1
c4 34. Bb2 Rc7 35. Rd8 Kf6 36. Ke2 Ke7 37. Rh8 h5 38. Nd4 Bc5 39. f3 Nd6
1/2-1/2

[Event "Gibraltar Chess Festival 2017 - Masters"]
[Site "Gibraltar ENG"]
[Date "2017.01.28"]
[Round "5.15"]
[White "Schroeder, Jan-Christian"]
[Black "Naiditsch, Arkadij"]
[Result "1/2-1/2"]
[WhiteElo "2550"]
[BlackElo "2702"]
[PlyCount "146"]
[EventDate "2017.01.24"]
[EventType "swiss"]
[EventRounds "10"]
[EventCountry "ENG"]
[SourceTitle "Ajedrez en Madrid"]
[Source "lmi"]
[SourceDate "2017.01.24"]

1. e4 c6 2. d4 d5 3. e5 Bf5 4. Nf3 e6 5. Be2 Nd7 6. O-O Bb4 7. Nbd2 Ba5 8. c4
Ne7 9. cxd5 Nxd5 10. Nc4 Bc7 11. Bd3 Bxd3 12. Qxd3 a5 13. Re1 h6 14. Qe4 Nf8
15. Bd2 Ng6 16. a4 Nge7 17. Nh4 Qd7 18. b3 b6 19. Nb2 Rd8 20. Rac1 Nf5 21. Nxf5
exf5 22. Qf3 O-O 23. Nd3 Rc8 24. Rc4 Bd8 25. Qg3 Qe6 26. Rec1 Be7 27. h3 Rfd8
28. Qf3 Bg5 29. Bxg5 hxg5 30. Qh5 b5 31. Rc5 bxa4 32. bxa4 Nb4 33. Nxb4 axb4
34. Qd1 b3 35. d5 cxd5 36. Rxc8 Rxc8 37. Rxc8+ Qxc8 38. Qxb3 Qc1+ 39. Kh2 Qf4+
40. Qg3 Qxa4 41. Qxg5 Qd7 42. Qd2 d4 43. f4 d3 44. Kg3 Qd4 45. Kf3 Kh7 46. g3
g6 47. Kg2 Kg7 48. Kf3 Kf8 49. Kg2 Ke8 50. Kf3 Ke7 51. Kg2 Kd7 52. Kf3 Kc6 53.
g4 Kd7 54. gxf5 gxf5 55. Qe3 Qd5+ 56. Kf2 Qa2+ 57. Kf3 Qd5+ 58. Kf2 Ke7 59. Qb6
Qa2+ 60. Kg3 Qc4 61. Qd6+ Ke8 62. h4 Qc3 63. Kf3 d2+ 64. Ke2 Qc4+ 65. Kxd2
Qxf4+ 66. Kd3 Qg3+ 67. Ke2 Qg4+ 68. Kd2 Qxh4 69. Qb8+ Qd8+ 70. Qxd8+ Kxd8 71.
Ke3 Kd7 72. Kf3 Ke7 73. Ke3 Ke6 1/2-1/2

[Event "Gibraltar Chess Festival 2017 - Masters"]
[Site "Gibraltar ENG"]
[Date "2017.01.28"]
[Round "5.17"]
[White "Cheparinov, Ivan"]
[Black "Libiszewski, Fabien"]
[Result "1-0"]
[WhiteElo "2689"]
[BlackElo "2545"]
[PlyCount "97"]
[EventDate "2017.01.24"]
[EventType "swiss"]
[EventRounds "10"]
[EventCountry "ENG"]
[SourceTitle "Ajedrez en Madrid"]
[Source "lmi"]
[SourceDate "2017.01.24"]

1. c4 Nf6 2. Nc3 g6 3. e4 d6 4. d4 Bg7 5. f3 O-O 6. Nge2 a6 7. Be3 c6 8. g4 e5
9. dxe5 dxe5 10. Qxd8 Rxd8 11. g5 Nfd7 12. O-O-O b5 13. h4 Re8 14. Bh3 Bf8 15.
Rd2 Bc5 16. Nd1 Bb4 17. Nec3 Nf8 18. Bxc8 Rxc8 19. Nf2 Nbd7 20. Ng4 h5 21. gxh6
f5 22. exf5 gxf5 23. Nh2 Kh7 24. Rg1 f4 25. Bf2 Nf6 26. Rg5 Re8 27. Re2 Bxc3
28. bxc3 e4 29. Bd4 exf3 30. Rxe8 Nxe8 31. Nxf3 Kxh6 32. Rg8 Ng6 33. Ne5 Nxe5
34. Bxe5 Kh5 35. Bxf4 Kxh4 36. c5 Rc8 37. Rf8 Kg4 38. Be5 Kg5 39. Kd2 Ra8 40.
Ke3 Nc7 41. Rxa8 Nxa8 42. Ke4 Kg6 43. Kf4 Kf7 44. Kf5 Ke7 45. Bg3 Kd7 46. Kf6
Kc8 47. Ke7 Kb7 48. Kd7 a5 49. a3 1-0

[Event "Gibraltar Chess Festival 2017 - Masters"]
[Site "Gibraltar ENG"]
[Date "2017.01.28"]
[Round "5.18"]
[White "Dragnev, Valentin"]
[Black "Kovalenko, Igor"]
[Result "1-0"]
[WhiteElo "2492"]
[BlackElo "2684"]
[PlyCount "83"]
[EventDate "2017.01.24"]
[EventType "swiss"]
[EventRounds "10"]
[EventCountry "ENG"]
[SourceTitle "Ajedrez en Madrid"]
[Source "lmi"]
[SourceDate "2017.01.24"]

1. e4 e5 2. Nf3 Nc6 3. Bc4 Nf6 4. d3 Bc5 5. O-O d6 6. c3 O-O 7. a4 a6 8. Nbd2
Ba7 9. h3 Ne7 10. Re1 Ng6 11. Nf1 c6 12. Bb3 d5 13. Bg5 h6 14. Bxf6 Qxf6 15.
exd5 cxd5 16. Bxd5 Rd8 17. Be4 Qb6 18. Bxg6 Qxf2+ 19. Kh1 fxg6 20. Re2 Qb6 21.
a5 Qf6 22. Nxe5 Be6 23. d4 Rf8 24. Ng3 Bd5 25. Qd3 Kh7 26. Rae1 Rad8 27. c4 Bg8
28. d5 Qg5 29. Re4 Be6 30. h4 Qf6 31. Nxg6 Qxg6 32. h5 Qg5 33. Re5+ Bf5 34.
Nxf5 Kh8 35. Qh3 Qd2 36. Qg4 Rg8 37. Ne7 Rge8 38. Ng6+ Kh7 39. Rxe8 Rxe8 40.
Rxe8 Qc1+ 41. Kh2 Qg1+ 42. Kh3 1-0

[Event "Gibraltar Chess Festival 2017 - Masters"]
[Site "Gibraltar ENG"]
[Date "2017.01.28"]
[Round "5.19"]
[White "Shankland, Samuel L"]
[Black "Debashis, Das"]
[Result "1/2-1/2"]
[WhiteElo "2674"]
[BlackElo "2472"]
[PlyCount "126"]
[EventDate "2017.01.24"]
[EventType "swiss"]
[EventRounds "10"]
[EventCountry "ENG"]
[SourceTitle "Ajedrez en Madrid"]
[Source "lmi"]
[SourceDate "2017.01.24"]

1. e4 c5 2. Nf3 d6 3. d4 cxd4 4. Nxd4 Nf6 5. f3 Nc6 6. Nc3 a6 7. Be3 Qb6 8. Be2
e5 9. Nf5 Qxb2 10. Na4 Qa3 11. c3 b5 12. Nb6 Rb8 13. Nxc8 Rxc8 14. Qb3 Qxb3 15.
axb3 g6 16. Ng3 Nb8 17. c4 bxc4 18. Bxc4 Be7 19. Ne2 Bd8 20. Nc3 O-O 21. Ke2
Rc6 22. Rhc1 Kg7 23. Nd5 a5 24. Nxf6 Kxf6 25. Bb5 Rxc1 26. Rxc1 Ke7 27. Rc8 Nd7
28. Ra8 Bc7 29. Ra7 Rb8 30. Bc4 Bb6 31. Bxb6 Rxb6 32. Rxa5 Rb7 33. Kd3 f5 34.
Bd5 fxe4+ 35. fxe4 Rb4 36. Ke3 Nb6 37. Ra7+ Kf6 38. Rf7+ Kg5 39. Be6 h5 40. Kf3
d5 41. Bxd5 Nxd5 42. exd5 Rd4 43. Ke3 Rxd5 44. Rf2 Rb5 45. Rb2 Kf5 46. Kd3 e4+
47. Kc4 Rb8 48. b4 Ke5 49. Kc3 Kd5 50. b5 Kc5 51. b6 Rxb6 52. Rxb6 Kxb6 53. Kd4
Kc6 54. Kxe4 Kd6 55. Kf4 Ke6 56. Kg5 Kf7 57. h3 Kg7 58. g3 Kf7 59. Kh6 Kf6 60.
g4 hxg4 61. hxg4 g5 62. Kh5 Kf7 63. Kxg5 Kg7 1/2-1/2

[Event "Gibraltar Chess Festival 2017 - Masters"]
[Site "Gibraltar ENG"]
[Date "2017.01.28"]
[Round "5.20"]
[White "Ganguly, Surya Shekhar"]
[Black "Stefanova, Antoaneta"]
[Result "0-1"]
[WhiteElo "2657"]
[BlackElo "2512"]
[PlyCount "78"]
[EventDate "2017.01.24"]
[EventType "swiss"]
[EventRounds "10"]
[EventCountry "ENG"]
[SourceTitle "Ajedrez en Madrid"]
[Source "lmi"]
[SourceDate "2017.01.24"]

1. e4 e5 2. Nf3 Nc6 3. Bb5 a6 4. Ba4 Nf6 5. O-O b5 6. Bb3 Be7 7. Re1 d6 8. c3
O-O 9. h3 Nb8 10. d4 Nbd7 11. Nbd2 Bb7 12. Bc2 Re8 13. Nf1 Bf8 14. Ng3 g6 15.
b3 a5 16. a4 b4 17. cxb4 axb4 18. Bb2 Bh6 19. Bd3 exd4 20. Nxd4 Ne5 21. Bb5 c6
22. Bf1 Qb6 23. Qc2 Bf4 24. Rad1 Rad8 25. Bc1 Bxg3 26. fxg3 Ned7 27. Bg5 Re5
28. Bf4 Rde8 29. Kh2 Rxe4 30. Rxe4 Nxe4 31. a5 Qxa5 32. Nxc6 Qb6 33. Nd4 Nc3
34. Nf5 Nxd1 35. Nh6+ Kg7 36. Qxd1 Ne5 37. Qd2 Qc6 38. Bc4 Qxg2+ 39. Qxg2 Bxg2
0-1

[Event "Gibraltar Chess Festival 2017 - Masters"]
[Site "Gibraltar ENG"]
[Date "2017.01.28"]
[Round "5.21"]
[White "Piorun, Kacper"]
[Black "Paehtz, Elisabeth"]
[Result "1-0"]
[WhiteElo "2651"]
[BlackElo "2468"]
[PlyCount "97"]
[EventDate "2017.01.24"]
[EventType "swiss"]
[EventRounds "10"]
[EventCountry "ENG"]
[SourceTitle "Ajedrez en Madrid"]
[Source "lmi"]
[SourceDate "2017.01.24"]

1. Nf3 Nf6 2. c4 g6 3. Nc3 Bg7 4. e4 d6 5. d4 O-O 6. h3 e5 7. d5 a5 8. Bg5 Na6
9. Be2 Nc5 10. Nd2 Bd7 11. g4 Qb8 12. Be3 Ne8 13. h4 c6 14. Nb3 Nxb3 15. Qxb3
Nf6 16. Rg1 a4 17. Nxa4 cxd5 18. Nb6 d4 19. Bg5 Bc6 20. Bxf6 Bxf6 21. Nxa8 Qxa8
22. g5 Qa5+ 23. Kf1 Be7 24. Qd3 Qb6 25. b3 Kg7 26. Bg4 f6 27. gxf6+ Rxf6 28. h5
Rf4 29. Bf5 Bh4 30. f3 g5 31. Rg4 Kh6 32. Rxf4 gxf4 33. Ke2 Qd8 34. Qd2 Qg5 35.
Kd3 Qg3 36. Rf1 Be8 37. Bg4 Bxh5 38. Bxh5 Kxh5 39. a4 Qh3 40. Qe2 Bg3 41. a5
Kg5 42. b4 Qd7 43. Ra1 h5 44. b5 h4 45. a6 bxa6 46. bxa6 Qa7 47. Qb2 d5 48. Qb7
Qc5 49. Qg7+ 1-0

[Event "Gibraltar Chess Festival 2017 - Masters"]
[Site "Gibraltar ENG"]
[Date "2017.01.28"]
[Round "5.22"]
[White "Gupta, Abhijeet"]
[Black "Ider, Borya"]
[Result "1-0"]
[WhiteElo "2645"]
[BlackElo "2463"]
[PlyCount "63"]
[EventDate "2017.01.24"]
[EventType "swiss"]
[EventRounds "10"]
[EventCountry "ENG"]
[SourceTitle "Ajedrez en Madrid"]
[Source "lmi"]
[SourceDate "2017.01.24"]

1. d4 e6 2. c4 d5 3. Nf3 a6 4. cxd5 exd5 5. Nc3 c6 6. Qb3 Bd6 7. Bg5 Ne7 8. e3
f6 9. Bh4 b5 10. Bg3 Bf5 11. Be2 Bg6 12. O-O Nf5 13. Bxd6 Nxd6 14. a4 Nd7 15.
Qb4 Qe7 16. axb5 Nxb5 17. Qb3 Nc7 18. Qb7 Qd6 19. Nxd5 cxd5 20. Rfc1 Rb8 21.
Qxc7 Qxc7 22. Rxc7 Kd8 23. Rac1 Re8 24. Nh4 Re6 25. g3 Rxb2 26. Bg4 Rd6 27.
Rc8+ Ke7 28. Bf5 Rb7 29. Nxg6+ hxg6 30. Bxg6 Rdb6 31. Re8+ Kd6 32. Bf5 1-0

[Event "Gibraltar Chess Festival 2017 - Masters"]
[Site "Gibraltar ENG"]
[Date "2017.01.28"]
[Round "5.23"]
[White "Kobo, Ori"]
[Black "Edouard, Romain"]
[Result "0-1"]
[WhiteElo "2482"]
[BlackElo "2613"]
[PlyCount "84"]
[EventDate "2017.01.24"]
[EventType "swiss"]
[EventRounds "10"]
[EventCountry "ENG"]
[SourceTitle "Ajedrez en Madrid"]
[Source "lmi"]
[SourceDate "2017.01.24"]

1. e4 c5 2. Nf3 Nc6 3. d4 cxd4 4. Nxd4 e5 5. Nb5 d6 6. N1c3 a6 7. Na3 b5 8. Nd5
Nge7 9. c4 Nxd5 10. cxd5 Nd4 11. Bd3 g6 12. O-O Bg7 13. Nc2 O-O 14. Nxd4 exd4
15. Bf4 f5 16. exf5 Bxf5 17. Bg3 Qd7 18. Rc1 Rac8 19. Bxf5 Qxf5 20. Qb3 Rxc1
21. Rxc1 Rc8 22. Rd1 Rc2 23. h3 Be5 24. Rf1 Bxg3 25. Qxg3 d3 26. Qxd6 d2 27.
Qd8+ Kf7 28. d6 Rc1 29. Qe7+ Kg8 30. Qe8+ Kg7 31. Qe7+ Qf7 32. Qe5+ Qf6 33. Qe2
Rxf1+ 34. Kxf1 Qxd6 35. Qd1 Qd3+ 36. Kg1 Qd4 37. b3 Kf6 38. g3 Ke5 39. h4 Qd3
40. h5 b4 41. hxg6 hxg6 42. Kg2 Kd4 0-1

[Event "Gibraltar Chess Festival 2017 - Masters"]
[Site "Gibraltar ENG"]
[Date "2017.01.28"]
[Round "5.24"]
[White "Maze, Sebastien"]
[Black "Mannion, Stephen R"]
[Result "1-0"]
[WhiteElo "2613"]
[BlackElo "2326"]
[PlyCount "111"]
[EventDate "2017.01.24"]
[EventType "swiss"]
[EventRounds "10"]
[EventCountry "ENG"]
[SourceTitle "Ajedrez en Madrid"]
[Source "lmi"]
[SourceDate "2017.01.24"]

1. e4 e5 2. Nf3 Nc6 3. Nc3 Nf6 4. Bb5 Bb4 5. O-O O-O 6. d3 Bxc3 7. bxc3 d6 8.
Bg5 h6 9. Bh4 Bd7 10. Rb1 a6 11. Ba4 b5 12. Bb3 Be6 13. Re1 Re8 14. Qd2 Nb8 15.
h3 Nbd7 16. Nh2 Nf8 17. f3 Ng6 18. Bf2 c5 19. Bxe6 Rxe6 20. d4 Qc7 21. Nf1 Rc8
22. d5 Ree8 23. a4 Rb8 24. axb5 axb5 25. Rb2 Rb7 26. Ra1 Reb8 27. Rba2 b4 28.
Ne3 bxc3 29. Qxc3 Nf4 30. Kh2 g6 31. Qe1 Qd7 32. Qf1 Kh7 33. Ra8 Rxa8 34. Rxa8
Ne8 35. Qa6 Rc7 36. Nc4 Nh5 37. Bh4 g5 38. Be1 Nhg7 39. Ba5 Rb7 40. Qc6 Ra7 41.
Qxd7 Rxd7 42. g4 Kg6 43. Bb6 f6 44. Rc8 Kf7 45. Na5 h5 46. Kg3 hxg4 47. hxg4
Kg6 48. Rd8 Rf7 49. Kf2 Re7 50. Ke2 Rf7 51. Kd3 Re7 52. Kc3 f5 53. gxf5+ Kf7
54. Nc4 Nh5 55. Nxd6+ Nxd6 56. Rxd6 1-0

[Event "Gibraltar Chess Festival 2017 - Masters"]
[Site "Gibraltar ENG"]
[Date "2017.01.28"]
[Round "5.25"]
[White "Arakhamia-Grant, Ketevan"]
[Black "Vocaturo, Daniele"]
[Result "1/2-1/2"]
[WhiteElo "2370"]
[BlackElo "2606"]
[PlyCount "196"]
[EventDate "2017.01.24"]
[EventType "swiss"]
[EventRounds "10"]
[EventCountry "ENG"]
[SourceTitle "Ajedrez en Madrid"]
[Source "lmi"]
[SourceDate "2017.01.24"]

1. e4 e6 2. d4 d5 3. Nc3 Bb4 4. e5 c5 5. a3 Bxc3+ 6. bxc3 Ne7 7. a4 Nbc6 8. Nf3
Qa5 9. Bd2 Bd7 10. Bb5 Qc7 11. O-O b6 12. Re1 O-O 13. Bd3 h6 14. Qc1 c4 15. Bf1
f6 16. Bf4 Ng6 17. Bg3 f5 18. Bf4 Nxf4 19. Qxf4 Be8 20. h4 Bh5 21. Nd2 Qe7 22.
Nb1 Qd8 23. Na3 Ne7 24. Nb5 Ng6 25. Qh2 Nxh4 26. Nd6 f4 27. a5 Qg5 28. Kh1 Nf5
29. Nb5 Bg4 30. Nc7 Rac8 31. axb6 axb6 32. Nxe6 Ng3+ 33. Qxg3 fxg3 34. Nxg5
gxf2 35. Reb1 hxg5 36. Rxb6 Ra8 37. Rbb1 Bf5 38. Kh2 Rxa1 39. Rxa1 Bxc2 40. Kg3
Bd3 41. e6 Bf5 42. e7 Re8 43. Ra7 Kf7 44. Kxf2 Rxe7 45. Rxe7+ Kxe7 46. Ke3 Be4
47. g3 Bc2 48. Bg2 Kd6 49. Bf3 Kc6 50. Bg2 Bd1 51. Kd2 Bg4 52. Ke3 Bh5 53. Bh3
Bd1 54. Bf5 Kd6 55. Bh7 Ba4 56. Bf5 Ke7 57. Bg4 Bc2 58. Bf3 Kd6 59. Bg2 Bd1 60.
Kd2 Bg4 61. Ke3 Kc6 62. Bh1 Bd1 63. Kd2 Bh5 64. Ke3 Bg6 65. Bf3 Bf5 66. Bd1 Kb5
67. Bf3 Be6 68. Bd1 Ka5 69. Kd2 Bd7 70. Ke3 Kb6 71. Bf3 Kc6 72. Bd1 Kd6 73. Bf3
Bf5 74. Bd1 Be4 75. Be2 Bg2 76. Kf2 Bh1 77. Bd1 Kc6 78. Ba4+ Kb6 79. Ke3 Ka5
80. Bd7 Be4 81. Bc6 Kb6 82. Bd7 Bc2 83. Be6 Kc6 84. Bg4 Be4 85. Bc8 g6 86. Bg4
Kb6 87. Bd1 Kb5 88. Kd2 Kc6 89. Ke3 Kd6 90. Bg4 Bh1 91. Bd1 Ke6 92. Bc2 Kf6 93.
g4 Bg2 94. Kf2 Bh1 95. Ke3 Kf7 96. Kf2 Kf6 97. Ke3 Kf7 98. Kf2 Kf6 1/2-1/2

[Event "Gibraltar Chess Festival 2017 - Masters"]
[Site "Gibraltar ENG"]
[Date "2017.01.28"]
[Round "5.26"]
[White "Gopal, G.N."]
[Black "Carlstedt, Jonathan"]
[Result "1/2-1/2"]
[WhiteElo "2579"]
[BlackElo "2413"]
[PlyCount "98"]
[EventDate "2017.01.24"]
[EventType "swiss"]
[EventRounds "10"]
[EventCountry "ENG"]
[SourceTitle "Ajedrez en Madrid"]
[Source "lmi"]
[SourceDate "2017.01.24"]

1. e4 e5 2. Nf3 Nc6 3. Bb5 a6 4. Ba4 Nf6 5. O-O Bc5 6. c3 b5 7. Bb3 d6 8. a4
Bg4 9. axb5 axb5 10. Rxa8 Qxa8 11. h3 Bxf3 12. Qxf3 Nd8 13. d3 Ne6 14. Nd2 O-O
15. Qd1 Bb6 16. Nf3 Nc5 17. Bc2 d5 18. Nxe5 dxe4 19. d4 Ne6 20. Re1 Re8 21. Ng4
Nxg4 22. Qxg4 Qa5 23. Qxe4 g6 24. Bh6 b4 25. d5 c6 26. c4 Qa8 27. Qf3 Nd4 28.
Rxe8+ Qxe8 29. Qe4 Qxe4 30. Bxe4 f5 31. c5 Ba5 32. Bf3 Nxf3+ 33. gxf3 cxd5 34.
Bf4 Kf7 35. c6 Ke7 36. Kf1 b3 37. Be5 d4 38. Bxd4 Kd6 39. Ke2 Kxc6 40. Kd3 Kd5
41. Ba7 Be1 42. Bb6 Bb4 43. Bd4 Ba5 44. Be3 Bb4 45. Bb6 Be1 46. Ba7 Ba5 47. Be3
Bb4 48. Bb6 Be1 49. Ba7 Ba5 1/2-1/2

[Event "Gibraltar Chess Festival 2017 - Masters"]
[Site "Gibraltar ENG"]
[Date "2017.01.28"]
[Round "5.27"]
[White "Khademalsharieh, Sarasadat"]
[Black "Fridman, Daniel"]
[Result "0-1"]
[WhiteElo "2452"]
[BlackElo "2594"]
[PlyCount "128"]
[EventDate "2017.01.24"]
[EventType "swiss"]
[EventRounds "10"]
[EventCountry "ENG"]
[SourceTitle "Ajedrez en Madrid"]
[Source "lmi"]
[SourceDate "2017.01.24"]

1. d4 e6 2. c4 b6 3. e4 Bb7 4. Bd3 Bb4+ 5. Kf1 Be7 6. Nc3 d6 7. Nf3 Nd7 8. g3
Bf6 9. Kg2 Ne7 10. Re1 O-O 11. Be3 a6 12. Qd2 c5 13. d5 exd5 14. exd5 b5 15.
Ne4 bxc4 16. Bxc4 Nf5 17. Nxf6+ Nxf6 18. Bg5 h6 19. Bxf6 Qxf6 20. Qc3 Rfe8 21.
Qxf6 gxf6 22. Rad1 Kf8 23. Kf1 Rxe1+ 24. Rxe1 Ne7 25. Rd1 a5 26. Rd3 a4 27. Nd2
f5 28. Ke2 Kg7 29. Kd1 Kf6 30. f4 Nc8 31. Bb5 Ra5 32. Bc4 Nb6 33. a3 Ra8 34.
Ba2 Re8 35. b4 Ba6 36. Rc3 c4 37. Rc1 Rc8 38. Nf3 Nxd5 39. Nd4 Rc7 40. b5 Bc8
41. Kd2 Nb6 42. Bb1 Bd7 43. Bc2 c3+ 44. Kd3 Be6 45. Bd1 Bc4+ 46. Kxc3 Bxb5+ 47.
Kb2 Bc4 48. Nb5 Rd7 49. Nc3 Ra7 50. Ka1 Bd3 51. Bf3 Rc7 52. Kb2 Kg7 53. Rd1
Nc4+ 54. Ka1 Bc2 55. Rc1 Nxa3 56. Kb2 Be4 57. Nxe4 Rxc1 58. Kxc1 fxe4 59. Bxe4
Nc4 60. Bd5 Ne3 61. Bc6 a3 62. Kb1 d5 63. Ka2 d4 64. Bb5 Nc2 0-1